000 00599nam a2200241Ia 4500
003 OSt
005 20221005070306.0
006 a|||||r|||| 00| 0
007 ta
008 221004b |||||||| |||| 00| 0 eng d
024 _a63575
037 _cTextual
040 _aCRL
_cCRL
_beng
041 _2eng
_aeng
082 _aV247.N9, N4
100 _aKumar D P
245 0 _aKashmir
_b Pakistan's proxy war
260 _aNew Delhi
_bHar Anand
_c1994
300 _a320p.
_ccm.
650 _aHISTORY
942 _hV247.N9, N4
_cTEXL
_2cc
999 _c975997
_d975997